| 000 | 00367nam a2200157Ia 4500 | ||
|---|---|---|---|
| 003 | OSt | ||
| 008 | 191201s2005 xx 000 0 und d | ||
| 082 |
_a658.3 _bSIO |
||
| 100 | _aSINGH, B P | ||
| 245 | 0 | _aOrganisation Theory and Behaviour | |
| 250 | _a5th | ||
| 260 |
_aNew Delhi _bDhanpat Rai Pub (P) Ltd _c2005 |
||
| 300 | _a786 | ||
| 650 | _aMBA | ||
| 942 |
_2ddc _cBK |
||
| 999 |
_c2373 _d2373 |
||